<?xml version="1.0" encoding="UTF-8"?>
<collection xmlns="http://www.loc.gov/MARC21/slim">
  <record>
    <leader>00000nam  2200000   4500</leader>
    <controlfield tag="001">INLIS000000000018300</controlfield>
    <controlfield tag="005">20240926081517</controlfield>
    <datafield tag="035" ind1="#" ind2="#">
      <subfield code="a">0010-0924000129</subfield>
    </datafield>
    <controlfield tag="007">ta</controlfield>
    <controlfield tag="008">240926###########################0######</controlfield>
    <datafield tag="245" ind1="#" ind2="#">
      <subfield code="a">Simpel Lihai :</subfield>
      <subfield code="b">Sistem Pelayanan Lingkungan Hidup /</subfield>
      <subfield code="c">Syahbela Rusli Siregar, S.t., M.H</subfield>
    </datafield>
    <datafield tag="260" ind1="#" ind2="#">
      <subfield code="a">Makassar :</subfield>
      <subfield code="b">Puslatbang KMP LAN RI Makassar,</subfield>
      <subfield code="c">2024</subfield>
    </datafield>
    <datafield tag="300" ind1="#" ind2="#">
      <subfield code="a">18 ;</subfield>
      <subfield code="c">30</subfield>
    </datafield>
    <datafield tag="650" ind1="#" ind2="4">
      <subfield code="a">Membantu dalam penyusunan data</subfield>
    </datafield>
    <datafield tag="700" ind1=" " ind2="#">
      <subfield code="a">Drs. H. Ikramsyah Putra, NST (Mentor)</subfield>
    </datafield>
    <datafield tag="700" ind1=" " ind2="#">
      <subfield code="a">Edi Abdullah, SH., MH (Coach)</subfield>
    </datafield>
    <datafield tag="520" ind1="#" ind2="#">
      <subfield code="a">pembangunan berkelanjutan adalah upaya sadar dan te rencana yang memadukan aspek lingkungan hidup, so- sial, dan ekonomi ke dalam strategi pembangunan untuk menjamin keutuhan lingkungan hidup serta kesela- matan, kemampuan, kesejahteraan, dan mutu hidup generasi masa kini dan ge- nerasi masa depan.&#13;
&#13;
Adapun gambaran umum perubah- an yang akan dilakukan yaitu dengan membangun dan mengembangkan se- buah teknologi informasi berupa Apli- kasi Sistem Pelayanan Lingkungan Hi- dup ("SIMPEL LIHAI").&#13;
&#13;
Aplikasi ini memiliki fungsi yang sangat penting bagi kinerja dan kelancaran kerja suatu instansi pemerintah. Instansi pemerintah membutuhkan penyusunan data yang baik agar dapat membantu para pimpinan/pengambil kebijakan dalam menyusun rencana kegiatan dan mengambil sebuah keputusan, Data yang baik dapat disusun dalam sebuah database (basis data) Lucabane memilikd anti penting dalam instanai agar dapat me ngumpulkan, mengorganisir dan meng analisa tugas dan fungsi setiap instansi pemerintah dalam rangka pencapaian rencana strategisnya. Data yang signifikan dapat memberikan manfaat baik bagi pemerintah atau masyarakat. Sinergi antara pemerintah sebagai pernyedia data, dan masyarakat sebagai penggunanya akan terbangun ketika data pemerintah dapat diakses dan di monitoring dengan mudah dan dapat digunakan kembali dengan tujuan inovasi dan kolaborasi Dalam meningkatkan kualitas kebijakan&#13;
&#13;
pemerintah, data merupakan komponen penting dalam pengambilan keputusan. Gagasan aksi perubahan ini juga sudah sesuai dan sebagai tindak lanjut dari Peraturan Presiden Nomor 95 Tahun 2018 tentang Sistem Pemerintahan Berbasis Elektronik dan Undang-undang nomor 32 tahun 2009 tentang perlindungan dan pengelolaan lingkungan hidup dan peraturan pemerintah no 21 Tahun 2022 tentang penyelenggaraan lingkungan hidup</subfield>
    </datafield>
    <datafield tag="856" ind1="#" ind2="#">
      <subfield code="a">Puslatbang KMP LAN RI Makassar</subfield>
    </datafield>
  </record>
</collection>
